00806 2200265 4500001002100000005001500021035002000036245013300056100002200189250001300211300002900224006001800253007000300271008004100274700002700315260003700342082001000379084001600389020002200405600002100427990002300448990002300471990002300494990002300517INLIS00000000000273020260601074139 a0010-07200000131 aBantal Rajut Tabrak Warna :bTampil Modern Dan Colorful Dengan Sarung Bantal Rajut /cDenik Ristya Rini ; Editor, Berliyandy T.R0 aDenik Ristya Rini a--cet--1 a64 hlm :bilus. ;c21 cma ta260601 0 1 aEditor, Berliyandy T.R a--Surabaya :bTiara Aksa,,c2016 a746.4 a746.4 DEN b a978-602-1656-77-8 4aKerajinan tangan a30.891/APBD/DPK/19 a30.892/APBD/DPK/19 a30.893/APBD/DPK/19 a30.894/APBD/DPK/19